| 000 | 00357pab a2200157 454500 | ||
|---|---|---|---|
| 008 | 180718b2007 xxu||||| |||| 00| 0 eng d | ||
| 100 | _aVerma, A.K. | ||
| 245 | _aReflecting before teaching | ||
| 260 | _c2007 | ||
| 300 | _ap.78-79. | ||
| 362 | _a8 Dec | ||
| 650 | _aTeaching | ||
| 773 | _aEconomic and Political Weekly | ||
| 908 | _aN | ||
| 909 | _a76641 | ||
| 999 |
_c76641 _d76641 |
||